Doctor Who: Master Stories Quiz Stats

Quiz not verified by Sporcle

Challenge
Share
Tweet
Embed
Score 0/31 Timer 16:00
0 Plays Today
Doctor Episode % Correct
Tenth DoctorUtopia
100%
Tenth DoctorThe Sound of Drums
100%
Tenth DoctorThe End of Time
100%
Third DoctorThe Mind of Evil
90%
Third DoctorThe Claws of Axos
90%
Third DoctorColony in Space
90%
Third DoctorThe Daemons
90%
Fourth DoctorThe Keeper of Traken
90%
Fourth DoctorLogopolis
90%
Fifth DoctorCastrovalva
90%
Fifth DoctorThe King's Demons
90%
Fifth DoctorThe Five Doctors
90%
Sixth DoctorThe Ultimate Foe
90%
Seventh DoctorSurvival
90%
Eighth DoctorThe Movie
90%
Tenth DoctorLast of the Time Lords
90%
Doctor Episode % Correct
Twelfth DoctorDark Water
90%
Twelfth DoctorDeath in Heaven
90%
Third DoctorTerror of the Autons
80%
Third DoctorThe Sea Devils
80%
Third DoctorThe Time Monster
80%
Third DoctorFrontier in Space
80%
Fourth DoctorThe Deadly Assassin
80%
Fifth DoctorTime-Flight
80%
Fifth DoctorPlanet of Fire
80%
Sixth DoctorThe Mark of the Rani
80%
Twelfth DoctorDeep Breath
80%
Twelfth DoctorThe Magician's Apprentice
70%
Twelfth DoctorThe Witch's Familiar
70%
Twelfth DoctorFlatline
60%
Twelfth DoctorIn the Forest of the Night
60%

You're not logged in!

Compare scores with friends on all Sporcle quizzes.
Sign Up with Email
OR
Log In

You Might Also Like...

Show Comments

Extras

Top Quizzes Today


Score Distribution

Your Account Isn't Verified!

In order to create a playlist on Sporcle, you need to verify the email address you used during registration. Go to your Sporcle Settings to finish the process.

Report this User

Report this user for behavior that violates our Community Guidelines.

Details: